[Event "Samara op"]
[Site "Samara"]
[Date "2010.07.29"]
[Round "7"]
[White "Rotmistrov, Alexander"]
[Black "Koltunovsky, Evgeny"]
[Result "1-0"]
[WhiteElo "1745"]
[BlackElo "1824"]
[PlyCount "47"]
[EventDate "2010.07.23"]
[EventType "swiss"]
[EventRounds "9"]
[EventCountry "RUS"]
[SourceTitle "EXT 2011"]
[Source "ChessBase"]
[SourceDate "2010.11.26"]
[SourceVersion "1"]
[SourceVersionDate "2010.11.26"]
[SourceQuality "1"]

1. d4 Nf6 2. c4 g6 3. Nc3 d5 4. cxd5 Nxd5 5. e4 Nxc3 6. bxc3 Bg7 7. Be3 c5 8. Rc1 Qa5 9. Qd2 0-0 10. d5 f5 11. c4 Qxd2+ 12. Kxd2 fxe4 13. Bxc5 Bh6+ 14. Be3 Rxf2+ 15. Ne2 Bxe3+ 16. Kxe3 Rf6 17. Nc3 Bf5 18. Be2 Nd7 19. g4 Nc5 20. gxf5 gxf5 21. Rhg1+ Kf8 22. Rcf1 Rc8 23. Rg5 e6 24. Rh5 1-0

[Event "Samara-ch"]
[Site "Samara"]
[Date "2010.04.26"]
[Round "6"]
[White "Koltunovsky, Evgeny"]
[Black "Aksenov, Anton"]
[Result "1/2-1/2"]
[WhiteElo "1803"]
[BlackElo "2015"]
[PlyCount "176"]
[EventDate "2010.04.21"]
[EventType "swiss"]
[EventRounds "9"]
[EventCountry "RUS"]
[SourceTitle "EXT 2012"]
[Source "ChessBase"]
[SourceDate "2011.11.24"]
[SourceVersion "1"]
[SourceVersionDate "2011.11.24"]
[SourceQuality "1"]

1. d4 Nf6 2. c4 e6 3. Nf3 b6 4. g3 Bb7 5. Bg2 Bb4+ 6. Bd2 Bxd2+ 7. Nbxd2 c5 8. 0-0 0-0 9. Re1 cxd4 10. Nxd4 Bxg2 11. Kxg2 d5 12. e4 dxe4 13. Nxe4 Nxe4 14. Rxe4 Qc7 15. Qf3 Nd7 16. b3 Nc5 17. Rg4 Qb7 18. Qxb7 Nxb7 19. Nc6 Kh8 20. Rd1 Rfc8 21. Rd7 Nc5 22. Rxa7 Rxa7 23. Nxa7 Ra8 24. Rd4 g6 25. Nc6 Rxa2 26. b4 Na4 27. Rd8+ Kg7 28. Ra8 Kf6 29. Kf3 Ra3+ 30. Kf4 e5+ 31. Kg4 h6 32. Nb8 Ke6 33. Ra6 Kd6 34. Ra7 f6 35. Nd7 Rc3 36. c5+ bxc5 37. bxc5+ Nxc5 38. Nxf6 Ke6 39. Ng8 Rc4+ 40. Kf3 h5 41. Re7+ Kd5 42. Rg7 e4+ 43. Kg2 Rc2 44. Re7 Nd3 45. Nf6+ Kd6 46. Rxe4 Nxf2 47. Ne8+ Kd5 48. Re7 Ng4+ 49. Kf1 Nxh2+ 50. Kg1 Nf3+ 51. Kf1 Ne5 52. Nf6+ Kd6 53. Re8 Ra2 54. Ne4+ Kd5 55. Nc3+ Kd4 56. Nxa2 g5 57. Rg8 h4 58. gxh4 gxh4 59. Rh8 Ng6 60. Rh6 Ne5 61. Rxh4+ Kd5 62. Nc3+ Ke6 63. Ke2 Kf6 64. Ke3 Kf5 65. Rh5+ Ke6 66. Ke4 Nd7 67. Nd5 Kd6 68. Kd4 Kc6 69. Rh7 Nf8 70. Re7 Kd6 71. Re8 Ne6+ 72. Kc4 Ng7 73. Re1 Ne6 74. Re3 Ng7 75. Nf4 Nf5 76. Rd3+ Ke5 77. Nd5 Ke4 78. Nc3+ Ke5 79. Rh3 Ke6 80. Nb5 Ke5 81. Rh5 Ke4 82. Nc3+ Ke5 83. Rh3 Ke6 84. Nb5 Ke5 85. Rh5 Ke4 86. Kc5 Ne3 87. Nd6+ Kf4 88. Kd4 Nc2+ 1/2-1/2

[Event "Samara-ch"]
[Site "Samara"]
[Date "2009.04.30"]
[Round "9"]
[White "Makarov, Yuriy"]
[Black "Koltunovsky, Evgeny"]
[Result "1/2-1/2"]
[WhiteElo "2267"]
[BlackElo "1760"]
[PlyCount "65"]
[EventDate "2009.04.07"]
[EventType "swiss"]
[EventRounds "9"]
[EventCountry "RUS"]
[SourceTitle "EXT 2012"]
[Source "ChessBase"]
[SourceDate "2011.11.24"]
[SourceVersion "1"]
[SourceVersionDate "2011.11.24"]
[SourceQuality "1"]

1. d4 Nf6 2. c4 g6 3. Nc3 d5 4. Nf3 Bg7 5. Qb3 dxc4 6. Qxc4 c6 7. e4 b5 8. Qb3 Qa5 9. Bd2 b4 10. e5 Be6 11. Qa4 Qxa4 12. Nxa4 Nd5 13. Nc5 Nd7 14. Nxd7 Kxd7 15. Bd3 Bg4 16. Ng5 f6 17. f3 fxg5 18. fxg4 c5 19. Bb5+ Ke6 20. dxc5 Bxe5 21. 0-0 Bd4+ 22. Kh1 Bxc5 23. Bxg5 Rhf8 24. Rfe1+ Kd6 25. Rad1 e6 26. g3 Rf2 27. Bf4+ Rxf4 28. gxf4 Rf8 29. Re4 a5 30. Bc4 Rf6 31. Re5 Rxf4 32. Bxd5 Kxe5 33. Bb7 1/2-1/2

[Event "Samara op"]
[Site "Samara"]
[Date "2008.12.07"]
[Round "3"]
[White "Kuznetsov, Mikhail2"]
[Black "Koltunovsky, Evgeny"]
[Result "1/2-1/2"]
[WhiteElo "2007"]
[BlackElo "1768"]
[PlyCount "89"]
[EventDate "2008.12.05"]
[EventType "swiss"]
[EventRounds "9"]
[EventCountry "RUS"]
[SourceTitle "CBM 127 Extra"]
[Source "ChessBase"]
[SourceDate "2009.01.08"]
[SourceVersion "2"]
[SourceVersionDate "2009.01.28"]
[SourceQuality "1"]

1. Nf3 Nf6 2. g3 g6 3. Bg2 Bg7 4. 0-0 0-0 5. d3 d5 6. Nbd2 c5 7. c4 e6 8. Re1 Nc6 9. Qc2 d4 10. a3 a5 11. b3 e5 12. Ne4 Nxe4 13. dxe4 f5 14. Nd2 f4 15. Rb1 g5 16. Nf1 g4 17. Qd3 Qf6 18. f3 h5 19. Bd2 Be6 20. Rec1 Bh6 21. Kf2 h4 22. Ke1 fxg3 23. hxg3 hxg3 24. Bxh6 Qxh6 25. Nxg3 Qf4 26. Kf2 a4 27. Rh1 gxf3 28. Bxf3 axb3 29. Rbg1 Kf7 30. Rh7+ Ke8 31. Rxb7 Rxa3 32. Rxb3 Qe3+ 33. Qxe3 dxe3+ 34. Rxe3 Rxe3 35. Kxe3 Bxc4 36. Rc1 Na5 37. Ra1 Nb3 38. Ra8+ Kf7 39. Bh5+ Kg8 40. Ra7 Be6 41. Bg6 Nd4 42. Rc7 c4 43. Rc5 Rc8 44. Rxc8+ Bxc8 45. Nf5 1/2-1/2